000 00446nam a2200181Ia 4500
001 1746
005 20260306143751.0
008 260306t2012||||xx |||||||||||||| ||spa||
041 _aESP
082 _a155.28
_bP77P
100 _aPont Amenós, Teresa,
_eAUT
245 0 _aPsicodiagnóstico diferencial con test gráficos
260 _c2012
300 _a414 páginas :
_c23 cm.
650 _aGEN
654 _aCPS
942 _cLIB
_dJUS
_fJUS
_2ddc
_n
999 _c1746
_d1746